La vie de Léonard de Vinci - Statistiques

Statistiques générales
  • Ce quiz a été pris 92 fois
  • Le résultat moyen est 10 sur 16
Statistiques - réponses
Indice Réponse % Correct
Nom de son célèbre tableau exposé au Louvre La Joconde
96%
Cette dernière est proche de cette grande ville Italienne Florence
94%
Peinture ou fresque représentant Jésus et les apôtres La Cène
83%
Il crée la trinité traditionnelle des grands maîtres de la Haute Renaissance avec ces deux peintres Michel-Ange
80%
Mouvement historique dont Vinci est généralement considéré comme le symbole Renaissance
80%
Il a réalisé une première version de ce type de véhicule aérien Hélicoptère
79%
Maison qui régnait sur cette ville à l'époque Médicis
79%
Ville dans laquelle il a déménagé pour travailler pour la famille Sforza Milan
75%
Nom de son célèbre dessin qui étudie les proportions du corps humain L'Homme de {Vitruve}
68%
Il crée la trinité traditionnelle des grands maîtres de la Haute Renaissance avec ces deux peintres Raphaël
54%
Ville de naissance Vinci
46%
Ville française dans laquelle il passe les dernières années de sa vie Amboise
44%
Écrivain de "Da Vinci Code" Dan Brown
44%
Milliardaire qui a acheté cette collection en 1994 Bill Gates
31%
Son plus grand projet était une statue de ce type d’animal, qui n'a finalement jamais été construite Cheval
30%
Nom de sa collection d'écrits scientifiques {Codex} Leicester
8%
Aucun quiz correspondant
Distribution des résultats
% des personnes avec chaque résultat
Percentile par nombre de réponses
Votre historique - résultats
Vous n’avez pas pris ce quiz